Регионална библиотека "Любен Каравелов" - Русе

Баба знае две и двеста (Запис номер 155595)

MARC детайли
000 -Лидер
Контролно поле с фиксирана дължина 01172nam a2200289 c 4500
003 - Код на организацията, давaща контролен номер
Контролно поле BLK
005 - Дата и час на последна редакция
Контролно поле 20230405030356.0
008 - Елементи от данни с фиксирана дължина
fixed length control field 180410b bul|||||r ||||||| ||bul||
010 ## - Наследен системен номер
LC control number KNG00162275000
040 ## - Източник на каталожния запис
Идентификатор на билиотеката - собственик на записа BLK
041 ## - Код за език
Код за езика на текст/звукозапис или на отделно заглавие Български
Код за езика КДБФ Български
080 ## - УДК
Текстов определител УДК Социално поведение. Социална психология
УДК код - определител по УДК 316.6
УДК определител
УДК - код + определител 316.6
080 ## - УДК
Текстов определител УДК Пословици и поговорки. Вицове
УДК код - определител по УДК 398.9
УДК определител
УДК - код + определител 398.9
100 1# - Редна дума - Автор
Автор Семов, Марко Атанасов
Дати, свързани с автора 1939-2007
Автор - информация (биография) писател, философ, социолог
R(LIN) 363941
139 ## - Редно поле
Редна дума Семов, Марко Атанасов
Авторски знак Сем - С 32
245 10 - Сведения за заглавието
Заглавие Баба знае две и двеста
Подзаглавни данни Бълг. характер в нашите пословици и поговорки
Редно поле (дума) Марко Атанасов Семов.
257 ## - Страна на издаване
Страна на създаване/издаване България
260 ## - Област на издателските данни
-- Пловдив
Име на издателя, разпространителя и проч. Христо Г. Данов
Година на издаване 1985
300 ## - Физическа характеристика
Страници 215 с.
Размери/Мащаб 21 см
380 ## - Жанр
Жанр Обществени науки
500 ## - Общи забележки
Забележка 25 137 тир. - Подв.
852 ## - Местоположение
Форматна сигнатура Цб 138273
856 4# - Електронен адрес и достъп
Електронен формат pdf - файл
Път до файла /url/
856 4# - Електронен адрес и достъп
Електронен формат pdf - файл
Път до файла /url/
942 ## - АРТИКУЛИ
Вид на библиотечния материал Книги
Скрит в OPAC Не
Koha issues (borrowed), all copies 1
944 ## - СЪЗДАВАНЕ И РЕДАКЦИЯ на ЗАПИСА
Създаване/Редакция Създаване
Дата на регистрацията/редакция 19.06.2014
Статус, дата на статуса 19.06.2014 - от С1,Р / 19.06.2014
Служител, извършил регистрацията/редакцията Любка_Николова
944 ## - СЪЗДАВАНЕ И РЕДАКЦИЯ на ЗАПИСА
Създаване/Редакция Редакция
Дата на регистрацията/редакция 19.06.2014
Статус, дата на статуса 19.06.2014 - от С1,Р / 19.06.2014
Служител, извършил регистрацията/редакцията
999 ## - СИСТЕМНИ КОНТРОЛНИ НОМЕРА
Koha biblionumber 155595
Koha biblioitemnumber 155595
Наличности
Код за отписване Код за изгубен артикул Източник на класификационната схема Код за повреда Коз за рестрикции Код за отдаване Артикулен № Име на библиотеката - собственик Име на библиотеката, в която се намира в момента Статус (Текущо местоположение) Дата на вписване в системата Местоположение - отдел Цена в лева Инвентарен номер Систематично азбучна сигнатура Баркод Номер на екземпляра Цена в евро Служебна бележка Служебен тип на артикула
  Не е изгубен Universal Decimal Classification Не е повреден без рестрикции ползва се в читалня 260930 Регионална библиотека "Любен Каравелов" Русе Регионална библиотека "Любен Каравелов" Русе Хранилище 1985-01-01 Хранилище 2.13 438562 Цб 138273 120000438562 1 1.09 N: стар фонд Дата: 01.01.1985 Книги
Изтеглен Не е изгубен Universal Decimal Classification Не е повреден без рестрикции заемане за дома 260931 Регионална библиотека "Любен Каравелов" Русе Регионална библиотека "Любен Каравелов" Русе Заемна - подръчен фонд 1985-01-01 Заемна - подръчен фонд 2.13 443109 П 316.6/С 32 443109 2 1.09 N: срае фонд Дата: 01.01.1985 Дата инв: 02.02.2018 Бележки инв: П2018 Книги
  Не е изгубен Universal Decimal Classification Не е повреден без рестрикции заемане за дома 260932 Регионална библиотека "Любен Каравелов" Русе Регионална библиотека "Любен Каравелов" Русе Заемна - подръчен фонд 1985-01-01 Заемна - подръчен фонд 2.13 443113 П 316.6/С 32 120000443113 3 1.09 N: срае фонд Дата: 01.01.1985 Дата инв: 02.02.2018 Бележки инв: П2018 Книги
Изтеглен Не е изгубен Universal Decimal Classification Не е повреден без рестрикции заемане за дома 260933 Регионална библиотека "Любен Каравелов" Русе Регионална библиотека "Любен Каравелов" Русе Заемна - подръчен фонд 1985-01-01 Заемна - подръчен фонд 2.13 443114 П 316.6/С 32 443114 4 1.09 N: срае фонд Дата: 01.01.1985 Дата инв: 02.02.2018 Бележки инв: П2018 Книги
Vip Innovations Ltd, Rousse, Bulgaria 2025